000 00825nam a2200241Ia 4500
003 OSt
005 20220923223227.0
006 a|||||r|||| 00| 0
007 ta
008 220922b |||||||| |||| 00| 0 hin d
024 _a212,330
037 _cTextual
040 _aARTS
_cARTS
_bhin
041 _2hin
_ahin
082 _aO152,3N212:g, n2
100 _aदुबे, हरिशंकर
245 0 _aफणीश्वरनाथ रेणु
_b व्यक्तित्व एंव कृतित्व
246 _aFaṇīshvaranāth reṇu: vyaktitva eanva kṛutitva
260 _aकानपुर
_b विकास प्रका0
_c1992
300 _a328पृ.
_ccm.
942 _hO152,3N212:g, n2
_cTEXL
_2CC
999 _c362604
_d362604